1858 1020 1117 1868 1407 1587 1983 1132 1245 1069 1816 1363 1164 1583 1834 2000 1831 1414 1022 1526 1371 1369 1430 1413 1514 1042 1343 1644 1682 1694 1440 1208 1715 1218 1904 1166 1857 1629 1036 1961 1523 1880 1409 1374 1750 1607 1763 1460 1437 1214 1422 1616 1916 1565 1287 1502 1529 1677 1905 1029 1119 1844 1451 1360 1983 1229 1955 1684 1091 1823 1775 1187 1707 1242 1915 1266 1908 1918 1414 1247 1851 1803 1323 1676 1736 1792 1824 1815 1844 1142 1328 1793 1518 1595 1988 1330 1319 1644 1619 BCNSPRNW ULIB Ver.6.0+V

เปลี่ยนเป็นภาษาไทย

Change to English
 แสดงรายละเอียดบรรณานุกรม
  กลับหน้าหลัก

Brief Record : Get Marc (ISO 2709) : E-mail record : QR code < ปิดหน้าต่าง
LEADER : 00000nam 2200000uu 4500
001    13399113824
003     ULIB
008    120109s2550||||th 000 0 tha d
020    ^a9744469946
090    ^aนว.^bน540ข 2550
100 0  ^aน้ำหนึ่ง
245 00 ^aขอรักเธออีกสักครั้ง/^cน้ำหนึ่ง
250    ^aพิมพ์ครั้งที่ 1
260    ^aกรุงเทพฯ :^bณ บ้านวรรณกรรม,^c2550
300    ^a336 หน้า
710 1  ^aณ บ้านวรรณกรรม
945    ^p265^l0^i15309
995    ^aกัณชพร
999    ^aใช้งานได้ทุกระบบ
รายการนี้ยังไม่มีแท็ก
คุณยังไม่ได้ล็อกอิน คุณสามารถมีกิจกรรมร่วมกับเว็บไซต์ได้ แต่ต้องล็อกอินก่อน ::
  ล็อกอิน

รายการสื่อสารสนเทศ

ลำดับที่ ประเภท เลขเรียก/บาร์โค้ด สถานที่ สถานะ
1. นวนิยาย
นวนิยาย
นว. น540ข 2550  
  Barcode: 15309
ห้องสมุดวิทยาเขตสวรรค์ประชารักษ์
►นวนิยาย
บนชั้น
  ขอยืม

BibComment


ยังไม่เคยถูกคอมเมนท์

คอมเมนท์ทรัพยากรรายการนี้
  คอมเมนท์: ขอรักเธออีกสักคร..


 Copyright 2026. Bcnsprnw @Library